000 01018cam a2200205 4500500
005 20251228052323.0
041 _afre
042 _adc
100 1 0 _aRouthier, Gilles
_eauthor
245 0 0 _aVatican II. Instruments de travail en vue d'une herméneutique des textes conciliaires
260 _c2012.
500 _a53
520 _aRésuméL’interprétation des textes du concile Vatican II peut faire appel à diverses ressources. Cet article dresse une bibliographie complète des instruments de travail pertinents pour entreprendre une telle recherche : documents d’archives, textes inédits aujourd’hui édités, actes officiels du concile et textes conciliaires eux-mêmes.
690 _aconcile Vatican II
690 _aherméneutique
690 _ainstruments de travail
690 _atextes conciliaires
786 0 _nTransversalités | 121 | 1 | 2012-03-01 | p. 103-113 | 1286-9449
856 4 1 _uhttps://shs.cairn.info/revue-transversalites-2012-1-page-103?lang=fr&redirect-ssocas=7080
999 _c1583316
_d1583316